01907nam a22002297a 4500003000400000005001700004008004100021040002800062100005200090245034700142260004100489300005900530502019100589504005300780505039500833650011301228651007701341700005301418700003801471700005001509830011801559OSt20191014192852.0170815b xxu||||| |||| 00| 0 esp d cDO-SdBJHaDO-SdBJHbspa1 aDe los Santos Hernández, Wilbertesustentante10aPropuesta de modernización de la Fuerza Aérea de República Dominicana (2016-2020): Análisis diagnóstico de la Dirección de Comunicaciones y Electrónica (A-6) / c Wilbert De los Santos Hernández, Franshelys Yarilis Tejeda Guerrero, asesores Carlos Tello de Jesús, Tebi Enrique Rodríguez Hernández  aSanto Domingo Este :bINSUDE, c2015 axvii, 62 páginas, ilustraciones-mapas-fotos en anexo aTrabajo de grado (Licenciatura en Ciencias Aeronáuticas) -- Instituto Superior para la Defensa (INSUDE). -- Academia Aérea Gral. De Brigada Piloto Frank Andrés Feliz Miranda, 2015. aIncluye referencias bibliográficas e índices aAntecedentes históricos de la dirección de comunicaciones y electrónica. -- Necesidades existentes en la dirección de comunicaciones y electrónica (A-6) de la Fuerza Aérea de la República Dominicana en la actualidad. -- Propuesta de modernización de la dirección de comunicaciones y electrónica (A-6) de la Fuerza Aérea de la República Dominicana. Análisis (FODA) 4aAnálisis de la Dirección de Comunicaciones y Electrónica (A-6) -- Moderización - Equipos (propuesta) 4aRepública Dominicana. Fuerza Aérea -- Dirección de Comunicación1 aTejeda Guerrero, Franshelys Yarilisesustentante1 aTello de Jesús, Carlos easesor1 aRodríguez Hernández, Tebi Enriqueeasesor aINSUDE. Academia Aérea Gral. De Brig. Pil. Frank Andrés Feliz Miranda. Tesis y disertaciones académicas